[Event "CZE-chT1E 1920"]
[Site "Czech Republic"]
[Date "2020.06.14"]
[Round "11.5"]
[White "Holemar, David"]
[Black "Martyniuk, Vladislav"]
[Result "1-0"]
[WhiteElo "2260"]
[BlackElo "1753"]
[PlyCount "63"]
[EventDate "2019.10.20"]
[EventType "team-tourn"]
[EventRounds "11"]
[EventCountry "CZE"]
[SourceTitle "EXT 2021"]
[Source "ChessBase"]
[SourceDate "2020.10.23"]
[SourceVersion "1"]
[SourceVersionDate "2020.10.23"]
[SourceQuality "1"]
[WhiteTeam "Brno Moravska Slavia II"]
[BlackTeam "Rychnov nad Kneznou"]
[WhiteTeamCountry "CZE"]
[BlackTeamCountry "CZE"]

1. Nc3 e6 2. e4 d5 3. Nf3 c5 4. Bb5+ Nc6 5. Qe2 d4 6. Bxc6+ bxc6 7. Nb1 Be7 8. d3 Nf6 9. Bg5 h6 10. Bh4 Rb8 11. b3 Qa5+ 12. Nbd2 Ba6 13. 0-0 Qc3 14. e5 Nd5 15. Ne4 Qa5 16. Bxe7 Kxe7 17. Rfe1 Rhg8 18. g3 g5 19. a3 Qb6 20. Nfd2 Rg6 21. Nf6 Nxf6 22. exf6+ Rxf6 23. Qe5 Rg8 24. Ne4 Rf5 25. Qd6+ Ke8 26. g4 Rf4 27. h3 Bc8 28. Nxc5 Qd8 29. Qxc6+ Kf8 30. Re4 h5 31. Rae1 hxg4 32. hxg4 1-0

[Event "CZE-chT1E 1819"]
[Site "Czech Republic"]
[Date "2019.01.06"]
[Round "5.8"]
[White "Martyniuk, Vladislav"]
[Black "Bazant, Petr Sr"]
[Result "1/2-1/2"]
[WhiteElo "1611"]
[BlackElo "2223"]
[PlyCount "43"]
[EventDate "2018.10.21"]
[EventType "team-tourn"]
[EventRounds "11"]
[EventCountry "CZE"]
[SourceTitle "CBM 188 Extra"]
[Source "ChessBase"]
[SourceDate "2019.02.26"]
[SourceVersion "1"]
[SourceVersionDate "2019.02.26"]
[SourceQuality "1"]
[WhiteTeam "Rychnov nad Kneznou"]
[BlackTeam "Stare Mesto"]
[WhiteTeamCountry "CZE"]
[BlackTeamCountry "CZE"]

1. e4 c5 2. c3 d5 3. exd5 Qxd5 4. d4 e6 5. Nf3 Nf6 6. Be2 cxd4 7. cxd4 Be7 8. Nc3 Qd6 9. Nb5 Qd8 10. 0-0 a6 11. Nc3 Nc6 12. Be3 0-0 13. Ne5 Bd7 14. Bf3 Rc8 15. Nxd7 Qxd7 16. d5 exd5 17. Nxd5 Nxd5 18. Bxd5 Rfd8 19. Bf3 Qxd1 20. Raxd1 Rxd1 21. Rxd1 Bf6 22. h3 1/2-1/2